| 000 | 00567nam a2200241 a 4500 | ||
|---|---|---|---|
| 001 | nice12345678 | ||
| 003 | IN_TiNIC | ||
| 005 | 20260116012925.0 | ||
| 008 | 050524s1985 lona grc 000 0 49g | ||
| 020 |
_a _c100 |
||
| 082 | 0 | 0 |
_a220 _bGHA |
| 100 | _aGhauri, Joseph Philip | ||
| 245 | _aBachchon Ki Bible | ||
| 260 |
_aLondon _bWatts and Company _c1985 |
||
| 300 | _a104p | ||
| 500 | _aincludes index and biblioraphy | ||
| 505 | 2 | _aIndex | |
| 650 | _aBible-Urdu | ||
| 700 | 1 | _aGhauri, Joseph Philip | |
| 902 | _bSRS | ||
| 942 | _cPC | ||
| 999 |
_c8914 _d8914 |
||